<?xml version="1.0" encoding="UTF-8"?><?xml-stylesheet type="text/xsl" href="static/style.xsl"?><OAI-PMH xmlns="http://www.openarchives.org/OAI/2.0/" xmlns:xsi="http://www.w3.org/2001/XMLSchema-instance" xsi:schemaLocation="http://www.openarchives.org/OAI/2.0/ http://www.openarchives.org/OAI/2.0/OAI-PMH.xsd"><responseDate>2026-04-17T12:07:19Z</responseDate><request verb="GetRecord" identifier="oai:riubu.ubu.es:10259/9297" metadataPrefix="marc">https://riubu.ubu.es/oai/request</request><GetRecord><record><header><identifier>oai:riubu.ubu.es:10259/9297</identifier><datestamp>2024-07-17T09:20:11Z</datestamp><setSpec>com_10259_9401</setSpec><setSpec>com_10259_5087</setSpec><setSpec>com_10259_2728</setSpec><setSpec>col_10259_9403</setSpec></header><metadata><record xmlns="http://www.loc.gov/MARC21/slim" xmlns:doc="http://www.lyncode.com/xoai" xmlns:xsi="http://www.w3.org/2001/XMLSchema-instance" xmlns:dcterms="http://purl.org/dc/terms/" xsi:schemaLocation="http://www.loc.gov/MARC21/slim http://www.loc.gov/standards/marcxml/schema/MARC21slim.xsd">
<leader>00925njm 22002777a 4500</leader>
<datafield tag="042" ind1=" " ind2=" ">
<subfield code="a">dc</subfield>
</datafield>
<datafield tag="720" ind1=" " ind2=" ">
<subfield code="a">Tajadura Salas, Marta</subfield>
<subfield code="e">author</subfield>
</datafield>
<datafield tag="720" ind1=" " ind2=" ">
<subfield code="a">Sanz Quintanilla, Rebeca</subfield>
<subfield code="e">author</subfield>
</datafield>
<datafield tag="720" ind1=" " ind2=" ">
<subfield code="a">Saiz Herrero, Alba</subfield>
<subfield code="e">author</subfield>
</datafield>
<datafield tag="720" ind1=" " ind2=" ">
<subfield code="a">Román García, Lara</subfield>
<subfield code="e">author</subfield>
</datafield>
<datafield tag="260" ind1=" " ind2=" ">
<subfield code="c">2024</subfield>
</datafield>
<datafield tag="520" ind1=" " ind2=" ">
<subfield code="a">Este trabajo expone el caso de Elena, una mujer embarazada de 28 semanas que&#xd;
acude al servicio de urgencias presentando síntomas de disnea y agitación. Tras las&#xd;
pruebas diagnósticas, se descubre una estenosis aórtica congénita, una condición&#xd;
cardíaca que había pasado desapercibida hasta ese momento. Esta patología&#xd;
puede complicar el embarazo debido al aumento de la demanda metabólica y&#xd;
energética.&#xd;
El plan de cuidados de enfermería se estructura en torno a la evaluación de las 14&#xd;
necesidades básicas de Virginia Henderson, identificando cuatro áreas prioritarias&#xd;
afectadas: respiración, hábito tabáquico, manejo de la ansiedad y educación para la&#xd;
salud. Se diseñan intervenciones personalizadas para abordar estas necesidades,&#xd;
centrándose en la reducción de riesgos para la madre y el bebé, el apoyo emocional&#xd;
y la educación sobre la enfermedad y el embarazo. Se emplea la taxonomía NNN&#xd;
consult para establecer objetivos específicos y actividades de enfermería adaptadas&#xd;
a las necesidades individuales de Elena. Se planifica una evaluación continua de&#xd;
los resultados obtenidos para ajustar las intervenciones según sea necesario.&#xd;
En la discusión pondremos de manifiesto la falta de investigación de la estenosis&#xd;
aórtica en el embarazo, para determinar los resultados de las intervenciones&#xd;
propuestas. También consideraremos los obstáculos a la hora de ofrecer cuidado&#xd;
continuo, especialmente en el contexto de saturación actual de nuestro sistema&#xd;
sanitario.</subfield>
</datafield>
<datafield tag="024" ind2=" " ind1="8">
<subfield code="a">http://hdl.handle.net/10259/9297</subfield>
</datafield>
<datafield tag="245" ind1="0" ind2="0">
<subfield code="a">Actuación enfermera ante la estenosis aórtica sintomática leve congénita detectada durante el embarazo: caso clínico</subfield>
</datafield>
</record></metadata></record></GetRecord></OAI-PMH>